000 00468nam a22001697a 4500
003 NUST - PNEC
005 20170116181146.0
008 151012b xxu||||| |||| 00| 0 eng d
020 _a0134631919
040 _cLIBRARY
082 _a629.892 SNY
100 _914977
_aSnyder, Wesley E.
245 _aIndustrial robots : computer interfacing and control
_cWesley E. Snyder,
260 _cc1985.
650 _914980
_aComputer interfaces
_xME,IME
942 _2ddc
_cBK
999 _c70692
_d70692